000 00691nam a2200229 i 4500
001 47348
003 ES-MaACL
005 20250730071622.0
007 t|
008 030407s1953 sp ||||1| spa d
130 0 _aCorán.
_lEspañol.
_9120330
245 1 3 _aEl Corán /
_ctraducción y prólogo de Juan Vernet.
250 _a1ª ed.
260 _aBarcelona :
_bJosé Janés,
_c1953 (
_fC. Puig)
300 _aXLI, 442 p. ;
_c20 cm.
490 1 _aEl mensajero. Literatura árabe
630 0 4 _aCorán.
_911361
700 1 _aVernet, Juan,
_d1923-2011
_9114171
830 0 _aEl mensajero. Literatura árabe
_9230022
852 _aES-MaACL
_jC-6809
_bR.34824
999 _c47348
_d47348